Aplimat 2007 6th international conference : February 6 - 9, 2007 Bratislava, Slovak Republic Part IV Open source software in research and education

Bibliographic Details
Corporate Author: Aplimat Bratislava, Slovensko
Other Authors: Kaukič, Michal (Editor)
Format: Conference Proceeding Book
Language:Slovak
PhysicalDescription:120 s. grafy, sch., tab. 25 cm
Published: Bratislava Vydavateľstvo FX 2007
ISBN:9788096956272 (brož.)
Edition:1. vyd.
Subjects:

MARC

LEADER 00000nam a2200000 a 4500
001 vtls008990486
003 SK-MaSNL
005 20260301081021.0
008 160114s2007 xo dl f 100 0 slo
015 |a SNBA2008/05-02196 
020 |a 9788096956272 (brož.) 
035 |a 7C8315AC-FA0A-4912-9BD6-976BE8A9537C 
035 |a urn:nbn:sk:snk-amk422 
035 |a urn:nbn:sk:snk-am005699 
040 |a SNK  |b slo  |c SNK  |e AACR2 
041 0 |a slo  |b slo  |b eng 
044 |a xo  |c SK 
072 7 |a 51  |x Matematika  |2 konspekt 
080 |a 51  |2 2001 
080 |a 51-7  |2 2001 
080 |a 004.42  |2 2001 
080 |a (062.534)  |2 2001 
111 2 |a Aplimat  |n (6. :  |d 2007 :  |c Bratislava, Slovensko)  |9 102487 
245 1 0 |a Aplimat 2007  |b 6th international conference : February 6 - 9, 2007 Bratislava, Slovak Republic  |c [editors: Michal Kaukič ... [et al.]]  |n Part IV  |p Open source software in research and education 
246 1 1 |a Open source software in research and education 
250 |a 1. vyd. 
260 |a Bratislava  |b Vydavateľstvo FX  |c 2007 
300 |a 120 s.  |c grafy, sch., tab.  |c 25 cm 
504 |a Bibliogr. odkazy 
546 |a Res. angl., slov. 
650 0 7 |a matematika  |2 SNKPH  |9 70174 
650 0 7 |a aplikovaná matematika  |2 SNKPH  |9 3498 
650 0 7 |a počítačové programy  |2 SNKPH  |9 1222 
655 7 |a zborníky konferencií  |2 SNKPH  |9 70153 
700 1 |a Kaukič, Michal  |4 edt  |9 12397 
919 |a 978-80-969562-7-2 
958 |a NB 
958 |a OND 
968 |d 51 
999 |c 654739  |d 656669 
952 |a SNK  |b SNK  |y PREZ  |7 0  |p 17A0550445  |o snkSC 128175/4  |i snk2007/12898  |8 0  |0 0  |1 0  |4 0  |d 2007-05-18  |f 1  |l 0  |r 2025-06-17 00:00:00  |w 2026-02-23 
952 |a SNK  |b SNK  |y VYP  |7 0  |p 17A0550444  |o snkSC 128175/4 D1  |i snk2007/12899  |8 0  |0 0  |1 0  |4 0  |d 2007-05-18  |l 0  |r 2026-02-23 18:33:41  |w 2026-02-23